01450nam a2200337 a 4500001001000000003000500010005001700015008004100032010001100073011001100084040000900095090001000104100004300114245021800157260004100375500006000416502009000476590004100566590004000607590004000647590004000687650005400727650004400781650004400825856007000869901000700939942001000946942000600956999001900962952013100981000115028CHAP20220329144510.0180907s2017 mx a |sm |||||||spa d a111489 a112461 cCHAP aTesis1 aOrtiz Mora, María Guadalupe.913544610aIdentificación de hongos y micotoxinas en granos de maíz (Zea mays) y sorgo (Sorghum bicolor) recolectados en las regiones centro y norte del Estado de Guerreroh[En línea]cpor María Guadalupe Ortiz Mora. aChapingo, Méx. :bEl autor,c2017. aPara ver el contenido del material haga clic en la liga aTesis (Ing. Agr. Zootecnista) -- Colegio Superior Agropecuario del Estado de Guerrero aBATCH-UPDb05c20180907lUCH01h1041 aE6339RRRb05c20180907lUCH01h1041 aE6339RRRb05c20180907lUCH01h1055 aE6339RRRb05c20180907lUCH01h105614aHongos fitopatógenosxIdentificación.913172014aMaízxEnfermedades por hongos.97094114aSorgoxEnfermedades por hongos.9108664 aFinding aiduhttp://10.13.5.2/tesis/sist115028.pdfzTeclea aquí aBK cTESIS n0 c111489d111489 00104054718TESISaBCbBCd2018-09-07fTESISl0oTesisp115037-10r2019-12-31 00:00:00w2019-12-31yTESISzRecien adquirido